Statistics for Donald Duck Characters #1

Click here to take the quiz!

General Stats

  • This quiz has been taken 343 times
  • The average score is 7 of 12

Answer Stats

Answer% Correct
Donald Duck
100%
Mickey Mouse
99%
Minnie Mouse
96%
Goofy
93%
Scrooge McDuck
83%
Daisy Duck
81%
Grandma Duck
33%
Beagle Boys
21%
Gladstone Gander
17%
Gyro Gearloose
17%
Gus Goose
15%
Little Helper
11%

Score Distribution

Percentile by Number Answered

Percent of People with Each Score

Your Score History

You have not taken this quiz